[Event "Figueres op 8th"]
[Site "Figueres"]
[Date "2018.12.27"]
[Round "1.7"]
[White "Gomez, Jose4444"]
[Black "Casado Graboleda, Jokin"]
[Result "1-0"]
[WhiteElo "1936"]
[BlackElo "1330"]
[PlyCount "39"]
[EventDate "2018.12.27"]
[EventType "swiss"]
[EventRounds "8"]
[EventCountry "ESP"]
[SourceTitle "EXT 2024"]
[Source "ChessBase"]
[SourceDate "2023.10.10"]
[SourceVersion "1"]
[SourceVersionDate "2023.10.10"]
[SourceQuality "1"]

1. e4 e6 2. d4 b6 3. Bd3 Bb7 4. Nc3 Nf6 5. Nge2 Bb4 6. 0-0 d5 7. e5 Ne4 8. Bxe4 dxe4 9. Ng3 Bxc3 10. bxc3 f5 11. exf6 gxf6 12. Qg4 f5 13. Qg7 Rf8 14. Ba3 c5 15. dxc5 Rf7 16. Qg8+ Rf8 17. Qxe6+ Qe7 18. Qxe7+ Kxe7 19. c6+ Ke8 20. cxb7 1-0

[Event "Figueres Nadal op 6th"]
[Site "Figueres"]
[Date "2016.12.28"]
[Round "4"]
[White "Casado Graboleda, Jokin"]
[Black "Vidal Palou, Jordi"]
[Result "0-1"]
[WhiteElo "1623"]
[BlackElo "1727"]
[PlyCount "48"]
[EventDate "2016.12.27"]
[EventType "swiss"]
[EventRounds "8"]
[EventCountry "ESP"]
[SourceTitle "CBM 176 Extra"]
[Source "ChessBase"]
[SourceDate "2017.03.02"]
[SourceVersion "1"]
[SourceVersionDate "2017.03.02"]
[SourceQuality "1"]

1. e4 d5 2. e5 Bf5 3. d4 e6 4. Nf3 Ne7 5. Bg5 Qd7 6. Bxe7 Bxe7 7. Nc3 0-0 8. Be2 c5 9. 0-0 cxd4 10. Nxd4 Bg6 11. Bb5 Nc6 12. Na4 Qc7 13. Re1 a6 14. Nxc6 bxc6 15. Bd3 Bxd3 16. cxd3 Qa5 17. Rc1 c5 18. b3 Rfd8 19. d4 cxd4 20. Qxd4 Rac8 21. h3 Ba3 22. Nb2 Bc5 23. Qc3 Bxf2+ 24. Kxf2 Rxc3 0-1

[Event "Figueres Nadal op 6th"]
[Site "Figueres"]
[Date "2016.12.27"]
[Round "1"]
[White "Casado Graboleda, Jokin"]
[Black "Mallol Descarrega, Aleix"]
[Result "0-1"]
[WhiteElo "1623"]
[BlackElo "1605"]
[PlyCount "63"]
[EventDate "2016.12.27"]
[EventType "swiss"]
[EventRounds "8"]
[EventCountry "ESP"]
[SourceTitle "CBM 176 Extra"]
[Source "ChessBase"]
[SourceDate "2017.03.02"]
[SourceVersion "1"]
[SourceVersionDate "2017.03.02"]
[SourceQuality "1"]

1. e4 e5 2. Nf3 Nc6 3. d4 exd4 4. Bc4 Nf6 5. 0-0 Bc5 6. Ng5 0-0 7. Re1 d6 8. h3 h6 9. Nf3 d5 10. exd5 Nxd5 11. Bxd5 Qxd5 12. Nc3 Qd6 13. Nb5 Qd8 14. c3 dxc3 15. Qxd8 Rxd8 16. Nxc3 Bb4 17. a3 Bxc3 18. bxc3 Rd3 19. Bb2 Bxh3 20. gxh3 Rxf3 21. Kg2 Rd3 22. Rad1 Rad8 23. Re8+ Rxe8 24. Rxd3 Re2 25. Bc1 g5 26. Rd7 Re7 27. Rxe7 Nxe7 28. Be3 Nd5 29. Bd4 b6 30. c4 Nf4+ 31. Kh2 Ne6 32. Be5 0-1

[Event "Sant Gregori Ajuntament op-A 1st"]
[Site "Sant Gregori"]
[Date "2016.07.??"]
[Round "3.16"]
[White "Garcia Moles, Alex"]
[Black "Casado Graboleda, Jokin"]
[Result "1-0"]
[WhiteElo "1751"]
[BlackElo "1664"]
[PlyCount "46"]
[EventDate "2016.07.04"]
[EventType "tourn"]
[EventRounds "7"]
[EventCountry "ESP"]
[SourceTitle "EXT 2024"]
[Source "ChessBase"]
[SourceDate "2023.10.10"]
[SourceVersion "1"]
[SourceVersionDate "2023.10.10"]
[SourceQuality "1"]

1. e4 c5 2. Nf3 Nc6 3. d4 cxd4 4. Nxd4 Nf6 5. Nc3 g6 6. Be3 Bg7 7. Bc4 0-0 8. 0-0 e6 9. Bb3 b6 10. Qd2 Ba6 11. Rfd1 Qe7 12. Ncb5 Bxb5 13. Nxb5 Ng4 14. c3 Nxe3 15. Qxe3 Rfd8 16. Nd6 Qf6 17. Ba4 e5 18. Nb7 Rdb8 19. Rxd7 h6 20. Rd6 Qg5 21. Qxg5 hxg5 22. Bxc6 Rc8 23. Bd5 Kh8 1-0

[Event "Figueres Nadal op 5th"]
[Site "Figueres"]
[Date "2016.01.02"]
[Round "1"]
[White "Casado Graboleda, Jokin"]
[Black "Vidal Palou, Jordi"]
[Result "0-1"]
[WhiteElo "1637"]
[BlackElo "1680"]
[PlyCount "81"]
[EventDate "2016.01.02"]
[EventType "swiss"]
[EventRounds "7"]
[EventCountry "ESP"]
[SourceTitle "EXT 2017"]
[Source "ChessBase"]
[SourceDate "2016.10.25"]
[SourceVersion "1"]
[SourceVersionDate "2016.10.25"]
[SourceQuality "1"]

1. e4 Nc6 2. Nf3 d6 3. d4 Bg4 4. Be2 Bxf3 5. Bxf3 e5 6. d5 Nd4 7. Bg4 Nf6 8. Be2 Nxe4 9. Be3 Nxe2 10. Qxe2 a6 11. 0-0 Be7 12. Nc3 Nxc3 13. bxc3 0-0 14. Rab1 b5 15. Qg4 f5 16. Qe2 Bg5 17. Rb4 f4 18. Bd2 f3 19. gxf3 Bxd2 20. Qxd2 Qf6 21. Qe3 Qxf3 22. Qxf3 Rxf3 23. c4 bxc4 24. Rxc4 Ra7 25. Rb1 Rf8 26. Rcb4 Kf7 27. Rf1 g5 28. h4 h6 29. f4 gxf4 30. h5 Rg8+ 31. Kh2 Rg5 32. Rf2 Rxh5+ 33. Kg2 Kf6 34. Rb8 Kf5 35. Re2 Rg5+ 36. Kf1 Rg6 37. Rh8 Rb7 38. a4 e4 39. Re8 Rb1+ 40. Kf2 e3+ 41. Kf3 0-1